000 00583nam a2200193 i 4500
001 67995
003 ES-MaACL
005 20230906170202.0
007 t|
008 040217s1970 sp ||||1| spa d
100 1 _aGambón Alix, Germán.
_953771
245 1 0 _aQué es la letra de cambio /
_cGermán Gambón Alix y Juan Martínez Valencia.
250 _a[1ª ed.].
260 _aBarcelona :
_bNauta,
_c[1970]
300 _a136 h., 3 lám. ;
_c27 cm.
650 4 _aLetras de cambio.
_9136393
700 1 _aMartínez Valencia, Juan.
_978461
852 _aES-MaACL
_jC-41034
_bR.73247
999 _c67995
_d67995